The dilema of democracy: diagnosis and prescription

Enregistré dans:
Détails bibliographiques
Auteur principal: Haisham, Lord (Auteur)
Format: Livre
Langue:anglais
Publié: Londres Collins 1978
Sujets:
Tags: Ajouter un tag
Pas de tags, Soyez le premier à ajouter un tag!

MARC

LEADER 00000nam a2200000 a 4500
001 UCT7094
003 CL-VaPUC
008 970116e19780000UK |||||||||||||||||eng|d
082 0 4 |a 321.87  |b HAI  |2 21 
100 0 |a Haisham, Lord  |e author  |9 377745 
245 1 4 |a The dilema of democracy: diagnosis and prescription 
300 |a 238 p 
942 |c BK 
945 |d 19970116 00:00:00  |a paguirre 
260 |a Londres  |b Collins  |c 1978 
650 0 |a Democracia  |9 255256 
650 7 |a SISTEMAS POLITICOS  |2 CL-VaPUC  |9 377746 
650 7 |a MONARQUIA CONSTITUCIONAL  |2 CL-VaPUC  |9 377747 
650 0 |a Gobierno   |9 255508 
650 0 |a Partidos políticos  |9 254999 
651 0 |a Inglaterra  |9 255158 
583 |a last modification  |c 19970116 00:00:00  |k Rodrigo Vera 
999 |c 255755  |d 255753 
952 |0 0  |1 0  |4 0  |6 321_870000000000000_HAI_1978  |7 0  |8 A  |9 278158  |a BIBDER  |b BIBDER  |d 2019-11-19  |i 1806165  |o 321.87 HAI 1978  |p 1806165  |r 2023-01-25  |w 2019-11-19  |y BK  |k DER